Word Scramble - Professions - Statistics

General Stats
  • This quiz has been taken 3,087 times
  • The average score is 14 of 20
Answer Stats
Hint Answer % Correct
ortcod Doctor
99%
fhec Chef
96%
otpli Pilot
95%
etntdsi Dentist
90%
dujeg Judge
90%
usren Nurse
90%
ywrael Lawyer
83%
rebka Baker
78%
rwreit Writer
78%
neictsist Scientist
76%
redilos Soldier
74%
rtechae Teacher
72%
ctrao Actor
67%
retiapn Painter
56%
naicolipti Politician
49%
nairarbil Librarian
47%
nutsnamt Stuntman
47%
nacsumii Musician
46%
namsherif Fisherman
40%
hcogletsaairo Archaeologist
11%
No matching quizzes found
Score Distribution
Percent of People with Each Score
Percentile by Number Answered
Your Score History
You have not taken this quiz